Journal for development and leadership (Record no. 523483)

000 -LEADER
fixed length control field 00258nas a22001097a 4500
022 ## - INTERNATIONAL STANDARD SERIAL NUMBER
International Standard Serial Number 2226-0102
082 ## - DEWEY DECIMAL CLASSIFICATION NUMBER
Classification number 658.406
245 ## - TITLE STATEMENT
Title Journal for development and leadership
260 ## - PUBLICATION, DISTRIBUTION, ETC. (IMPRINT)
Place of publication, distribution, etc Estren Cape
Name of publisher, distributor, etc CADAR Printers
Date of publication, distribution, etc June 2016
300 ## - PHYSICAL DESCRIPTION
Extent 22 cm
942 ## - ADDED ENTRY ELEMENTS (KOHA)
Koha item type Continuing Resources
Holdings
Damaged status Not for loan Permanent Location Current Location Shelving location Date acquired Full call number Barcode Koha item type
    Central Library (CL) Central Library (CL) Reference 03/25/2019 658.406 S3HJ-310 Continuing Resources
    Central Library (CL) Central Library (CL) Reference 03/25/2019 658.406 S3HJ-561 Continuing Resources
© 2023 Central Library, National University of Sciences and Technology. All Rights Reserved.